书目信息 |
| 题名: |
仪器分析
|
|
| 作者: | 贾春晓 主编 | |
| 分册: | ||
| 出版信息: | 郑州 河南科学技术出版社 2009.08 |
|
| 页数: | 391页 | |
| 开本: | 20cm | |
| 丛书名: | ||
| 单 册: | ||
| 中图分类: | O657 | |
| 科图分类: | ||
| 主题词: | 分析化学 , 分析(化学) | |
| 电子资源: | ||
| ISBN: | 7-5349-4248-9 | |
| 000 | 00562nam0 2200205 450 | |
| 001 | 1861462978 | |
| 005 | 20181218170523.97 | |
| 010 | @a7-5349-4248-9@dCNY39.80 | |
| 100 | @a20181218d2009 km y0chiy0120 ea | |
| 101 | 0 | @achi |
| 102 | @aCN@b410000 | |
| 200 | 1 | @a仪器分析@Ayi qi fen xi@f贾春晓主编@Fjia chun xiao zhu bian |
| 210 | @a郑州@c河南科学技术出版社@d2009.08 | |
| 215 | @a391页@d20cm | |
| 606 | 0 | @a分析化学 |
| 606 | 0 | @a分析(化学) |
| 690 | @aO657@v4 | |
| 701 | 0 | @a贾春晓@Ajia chun xiao@4主编 |
| 801 | 0 | @aCN@bMUSE@c20181218 |
| 905 | @aMUSE@dO657@eJ239 | |
| 仪器分析/贾春晓主编.-郑州:河南科学技术出版社,2009.08 |
| 391页;20cm |
| ISBN 7-5349-4248-9:CNY39.80 |
| ● |
| 相关链接 |
|
|
|
正题名:仪器分析
索取号:O657/J239
 
预约/预借
| 序号 | 登录号 | 条形码 | 馆藏地/架位号 | 状态 | 备注 |
| 1 | 1301489 | 213014897 | 自科库401/401自科库 95排1列4层/ [索取号:O657/J239] | 在馆 |